Antarctica A-Z - Statistics

General Stats
  • This quiz has been taken 73 times
  • The average score is 17 of 26
Answer Stats
Hint Answer % Correct
C Closest country to the Antarctica Chile
97%
P Emperor, king and chinstrap are types of what? Penguins
95%
O Atmospheric layer that has its largest hole over Antarctica Ozone
93%
F The name of Antarctica comes from this language French
88%
G Country that had the intentions of claiming a portion of Antarctica they called "New Swabia" Germany
88%
K Type of "small fish" blue whales eat Krill
88%
S Another name for the Antarctic Ocean Southern Ocean
88%
J Africa separated from Antarctica during this geologic period Jurassic
86%
A The first person to reach the South Pole Roald Amundsen
85%
H Movie about an Antarctic mammal that can tap dance, but lacks the ability to sing Happy Feet
76%
L Vostok is the name of the largest _____ in Antarctica Lake
76%
D Water passage between the Antarctic Peninsula and South America Drake Passage
66%
R Largest ice shelf in Antarctica Ross ice shelf
63%
N A flight by the flag carrier of this country crashed into E in 1979 and killed all on board New Zealand
61%
X Fox Mulder travels to Antarctica in search of Agent Scully in this TV series The X-Files
61%
Q Part of the Antarctica that is claimed by Norway {Queen} {Maud} Land
58%
T Horror movie about a shape-shifting alien among a group of researchers The Thing
56%
I What are Alexander, Thurston and Berkner? Islands
53%
U This Argentinian city is one of the Antarctic gateway cities Ushuaia
49%
V Mountain massif that is home to the highest peak in Antarctica Vinson Massif
46%
Y International Geophysical ____, International Polar ____ Year
42%
E Antarctica's largest and the world's southernmost volcano: Mount ______ Erebus
39%
B The unclaimed part of Antarctica: Marie ____ Land Byrd
34%
M U.S. research station that is the largest community in Antarctica McMurdo
32%
W Name of a type of large seal or the sea east of the Antarctic Peninsula Weddell
27%
Z Chinese research base in Eastern Antarctica, named for Sun Yat-sen Zhongshan
5%
No matching quizzes found
Score Distribution
Percent of People with Each Score
Percentile by Number Answered
Your Score History
You have not taken this quiz